|
|
|
|
| LEADER |
00000cam a2200000 i 4500 |
| 001 |
1/87127 |
| 008 |
960916s1955 gr | ||| |||| ||gre|| |
| 035 |
|
|
|a 1993
|b 1
|c Αναγνωστοπούλου
|l 10035157
|
| 040 |
|
|
|a GR-MyUA
|b gre
|e AACR2
|
| 041 |
0 |
|
|a gre
|
| 082 |
0 |
|
|a 889.104
|
| 100 |
1 |
|
|a Παπανούτσος, Ευάγγελος Π.,
|d 1900-1982.
|
| 245 |
1 |
0 |
|a Παλαμάς, Καβάφης, Σικελιανός /
|c Ε. Π. Παπανούτσου.
|
| 250 |
|
|
|a 5η έκδ.
|
| 260 |
|
|
|a Αθήνα :
|b Ικαρος,
|c 1955.
|
| 300 |
|
|
|a 286 σ.
|
| 600 |
1 |
0 |
|a Σικελιανός, Άγγελος,
|d 1884-1951.
|
| 600 |
1 |
0 |
|a Παλαμάς, Κωστής,
|d 1859-1943.
|
| 600 |
1 |
0 |
|a Καβάφης, Κ. Π.
|q (Κωνσταντίνος Π.),
|d 1863-1933.
|
| 650 |
0 |
0 |
|a Greek poetry
|x Study and teaching.
|
| 852 |
|
|
|a INST
|b RHODES
|e 20000531
|h 889.104 ΠΑΠ
|p 005400000055
|q 005400000055
|t BK
|y 0
|
| 852 |
|
|
|a INST
|b RHODES
|e 19960916
|h 889.104 ΠΑΠ
|p 005400009860
|q 005400009860
|t BK
|y 0
|
| 852 |
|
|
|a INST
|b SAMOS
|e 19981103
|h 889.104 ΠΑΠ
|p 005300013932
|q 005300013932
|t BK
|y 0
|
| 901 |
|
|
|a BIBL-1998-3
|
| 909 |
|
|
|a Ρ
|b 025121
|
| 909 |
|
|
|a Ρ
|b 006632
|
| 909 |
|
|
|a Σ
|b 057733
|
| 922 |
|
|
|a 3ΕΛΗ
|b 199709
|c ΔΩΡ
|d ΠΑΡΙΑΝΟΣ
|
| 922 |
|
|
|a 3ΔΩΡ
|b 198709
|c ΔΩΡΕΑ
|